Розбудова української громади в Канаді. Співпраця українських організацій і церкви в Канаді (Запис № 440522)

МАРК-запис
000 -Лідер
fixed length control field 01008nam a22002657a 4500
001 - Контрольний номер
control field 42022
003 - Ідентифікатор контрольного номера
control field UA-OsUOA
005 - Дата та час останнього входження (трансакції)
control field 20220811135852.0
007 - Фіксоване поле фізичного опису
fixed length control field ta
008 - Елементи даних фіксованої довжини – загальна інформація
fixed length control field 20081116b un ||||| |||| 00| 0 ukr d
040 ## - Джерело каталогізації
Агенція оригінальної каталогізації UA-OsUOA
Мова каталогізації ukr
Агенція, яка здійснювала перезапис UA-OsUOA
Агенція, яка здійснювала модифікацію UA-OsUOA
041 ## - Код мови
Код мови тексту/ звукової доріжки чи окремого заголовка (П) ukr
080 ## - Індекс Універсальної десяткової класифікації
Індекс Універсальної десяткової класифікації (УДК) (НП) 94(477).152 (К)
090 ## - Локальний шифр розміщення
Класифікаційний індекс УДК 94(477).152 (К)
Авторський знак (НП) К64
100 ## - Основне введення – ім’я особи
Ім’я особи (НП) Кондра П., Міненко Т.
245 ## - Відомості про назву
Назва (НП) Розбудова української громади в Канаді. Співпраця українських організацій і церкви в Канаді
Дані про відповідальність (НП) Петро Кондра, Тимофій Міненко
260 ## - Публікація, розповсюдження і т.п. (Вихідні дані)
Місце публікації, розповсюдження і т.п. (П) Вінніпег
Дата публікації, розповсюдження і т.п. (П) 1985
300 ## - Фізичний опис
Обсяг 44 с.
650 #7 - Додаткове предметне введення – тематичний термін
Тематичний термін чи географічна назва, як елемент введення (НП) 9 Географія. Біографії. Історія
Джерело заголовка чи терміна UDC
700 ## - Додаткове введення – ім'я особи
Ім’я особи (НП) Міненко Тимофій
942 ## - Додаткові елементи входу (Коха)
Тип елемента Koha Брошура
Source of classification or shelving scheme Universal Decimal Classification
955 ## - Код типу видання за змістом
Код типу видання за змістом (НП) Науково-популярні видання
Фонди
Стан вилучень Стан втрат Джерело класифікації або схеми стелажів Стан уражень Не для кредиту Постійне місце розташування Поточне розміщення Дата придбання Джерело придбання Вартість, звичайна ціна покупки Усього замовленно Повний номер виклику Штрих-код Дата останнього перегляду Ціна ефективна від Тип елемента Koha
    Universal Decimal Classification     Наукова бібліотека ІДУД Наукова бібліотека ІДУД 08/07/2022 Акт надходження № 4 (8.07.2022, загальний) 1.00   94(477).152 (К) К64 216222580 08/07/2022 08/07/2022 Брошура